000 00331nam a2200133Ia 4500
008 240624s9999 xx 000 0 und d
041 _aeng
082 _a823 STE
100 _aSTEVENSON ROBERT LOUIS
245 _aKIDNAPPED
260 _c2011
_aNew Delhi
_bHarperCollins
300 _avii,, : 272 : p. : cm. ; 18
365 _cRS
_b25
999 _c18591
_d18591